ORGANISATIONAL BEHAVIOUR (Record no. 28837)
[ view plain ]
| 000 -LEADER | |
|---|---|
| fixed length control field | 00321nam a2200121Ia 4500 |
| 008 - FIXED-LENGTH DATA ELEMENTS--GENERAL INFORMATION | |
| fixed length control field | 240624s9999 xx 000 0 und d |
| 041 ## - LANGUAGE CODE | |
| Language code of text/sound track or separate title | eng |
| 082 ## - DEWEY DECIMAL CLASSIFICATION NUMBER | |
| Classification number | 302.35 PAR |
| 100 ## - MAIN ENTRY--PERSONAL NAME | |
| Personal name | PARIKH MARGIE |
| 245 ## - TITLE STATEMENT | |
| Title | ORGANISATIONAL BEHAVIOUR |
| 260 ## - PUBLICATION, DISTRIBUTION, ETC. | |
| Date of publication, distribution, etc. | 2012 |
| Place of publication, distribution, etc. | New Delhi |
| Name of publisher, distributor, etc. | Tata McGraw-Hill |
| 300 ## - PHYSICAL DESCRIPTION | |
| Extent | xxxvi, , 639 , 23 : p. : cm. |
| Withdrawn status | Lost status | Damaged status | Not for loan | Home library | Current library | Shelving location | Date acquired | Full call number | Barcode | Date last seen | Price effective from | Koha item type |
|---|---|---|---|---|---|---|---|---|---|---|---|---|
| IMTN | IMTN | Rack 6-A | 06/14/2017 | 302.35 PAR | 28837 | 06/24/2024 | 06/24/2024 | Books |